000 00562nam a2200217Ia 4500
003 OSt
005 20220926024417.0
006 a|||||r|||| 00| 0
007 ta
008 220923b |||||||| |||| 00| 0 eng d
037 _cGeneral Book
040 _aRTL
_cRTL
_beng
041 _2eng
_aeng
082 _aX, L9/SC
100 _aHICKS John
_941206
245 0 _aCausality in economics
260 _aOxford
_bBasil Blackwell
_c1979
300 _axii,124p.
_ccm.
942 _hX, L9/SC
_cGB
_2CC
999 _c644133
_d644133